000 02245nam a2200373 c 4500
003 BLK
005 20180422113139.0
008 180410b bul|||||r ||||||| ||bul||
010 _aKNG00158843000
040 _aBLK
041 _aBUL
_cBUL
080 _aСтатистиката като наука. Теория на статистиката
_b311
_x(075.81)
_z311(075.81)
080 _aСтатистиката като наука. Теория на статистиката
_b311
_x:338(075.81)
_z311:338(075.81)
100 1 _aМутафов, Никола А.
_eпърви автор
_9331775
700 1 _aСпасов, Асен Хр.
_e*
_9380767
700 1 _aКостов, Стоян
_e*
_gИлиев, Стоян Костов
_9366485
700 1 _aПетров, Величко Минков
_e*
_9380768
700 1 _aНиколов, Георги Н.
_e*
_9380769
700 1 _aТодоров, Г.
_e*
_9380770
700 1 _aКунш, Любомир Я.
_e*
_9331776
139 _aСборник от задачи по теория на статистиката и икономическа статистика
_bС 23
245 1 0 _aСборник от задачи по теория на статистиката и икономическа статистика
_bЗа студентите от ВФСИ Д. А. Ценов - Свищов : Ч. 1 -
_cНикола А. Мутафов; * Асен Хр. Спасов; * Стоян Костов; * Величко Минков Петров; * Георги Н. Николов; * Г. Тодоров; * Любомир Я. Кунш.
_nЧ. 1
257 _aBGR
260 Свищов
_bВФСИ Д. А. Ценов
_c1982
300 _c20 см
380 _a3
500 _aДруги авт.: Ас. Спасов, Ст. Костов, В. Петров, Г. Николов, Г. Тодоров, Л. Кунш. - Изд. на ВФСИ Д. А. Ценов - Свищов. Кат. Статистика. - Офс. изд.
760 1 _aМутафов, Никола А.
_d1982
_h88 с. : с табл.
_n2 000 тир.
_tЧ. 1
852 _aЦб 115325
856 4 _qpdf
_u
856 4 _qpdf
_u
942 _cKNG
_n0
944 _aCR
_c31.03.2014
_l31.03.2014 - от С1,Р / 31.03.2014
_kЛюбка_Николова
944 _aED
_c16.01.2015
_l31.03.2014 - от С1,Р / 31.03.2014
_k
999 _c152365
_d152365